| 000 | 00505nam a22001697a 4500 | ||
|---|---|---|---|
| 999 |
_c8631 _d8631 |
||
| 008 | 201209b ||||| |||| 00| 0 eng d | ||
| 040 | _aBMS College of Architecture | ||
| 100 | _aRavoor, V Meghna | ||
| 245 | _aWorkspace nouveau | ||
| 300 | _a3.2p. | ||
| 500 | _a1BM12AT041 | ||
| 502 |
_8B,Arch _NBMS College of Architecture, Visvesvaraya Technological University (VTU) _aProject report _d2016 |
||
| 650 | _aNA | ||
| 700 |
_aSayee Deodhar _eGuide |
||
| 700 |
_aArun Chandhran _eGuide |
||
| 942 |
_2ddc _cTHE |
||